| 000 | 00490nam a22001697a 4500 | ||
|---|---|---|---|
| 999 |
_c2579 _d2579 |
||
| 003 | AR-CdUCM | ||
| 008 | 190305b ||||| |||| 00| 0 spa d | ||
| 040 |
_aMUNICIPALIDAD PROVINCIAL DEL CUSCO _cBIBLIOTECA MUNICIPAL DEL CUSCO |
||
| 082 |
_a808.8 / _bB77 |
||
| 100 |
_aBouroncle Carreon, Alfonso _91522 |
||
| 245 | _aAl paso del tiempo / | ||
| 260 |
_aPerú : _bLiteratura y arte, _c1992. |
||
| 300 |
_a256 páginas ; _c20.5 cm |
||
| 650 |
_aNovela _95 |
||
| 942 |
_2ddc _cLIBROS |
||
| 945 | _aafb | ||